000 00738nam a2200241 a 4500
001 56560
003 BD-RjUL
005 20211209080418.0
008 161201b1966 enk||||| |||| 001 0 eng d
035 _a(BD-RjUL)56684
040 _aBD-RjUL
_beng
_cBD-RjUL
_dBD-RjUL
041 _aeng
082 _223
_a166
_bMOO 1966
100 _aMorgan, Augustus De.
_9168206
245 _aOn the syllogism, and other logical writings /
_cAugustus De Morgan, Peter Heath.
260 _aLondon :
_bRoutledge & Kegan Paul,
_cc1966.
300 _axxxi, 355 p. ;
_c20 cm.
500 _aIncludes index
650 _aSyllogism.
_9168207
650 _aLogic.
_vSymbolic and mathematical.
_9168208
700 _aHeath, Peter .
_9168209
942 _2ddc
_cBK
999 _c56560
_d56560